Kraje Unii Europejskiej - Statystyki

Ogólne statystyki
  • Ten quiz został rozwiązany 2 440 razy
  • Średni wynik to 24 z 28
Statystyki odpowiedzi
Rok Przyłączenia Kraj % Poprawnych
2004 Polska
99%
1957 Niemcy
97%
1957 Francja
94%
1986 Hiszpania
94%
1995 Szwecja
91%
2004 Czechy
90%
2004 Litwa
90%
1986 Portugalia
90%
2004 Słowacja
90%
1957 Włochy
90%
1957 Belgia
89%
2004 Łotwa
88%
2004 Estonia
87%
1957 Holandia
87%
2013 Chorwacja
85%
1995 Finlandia
85%
1937 Wielka Brytania
83%
2004 Słowenia
82%
2004 Węgry
82%
1995 Austria
81%
1981 Grecja
81%
2007 Rumunia
79%
1973 Dania
77%
1973 Irlandia
77%
1957 Luksemburg
76%
2007 Bułgaria
73%
2004 Malta
60%
2004 Cypr
53%
Nie znaleziono quizów pasujących do podanych kryteriów
Rozkład punktacji
Procent ludzi z każdym wynikiem
Percentyl według liczby udzielonych odpowiedzi
Twoja historia wyników
Nie rozwiązałeś tego quizu